000 00797nam a2200241 i 4500
001 7059
003 ES-MaACL
005 20250902064625.0
008 900814s1990 sp ||||1| spa d
020 _a84-7863-007-4
080 _a658.012(52:100-775)
100 1 _aJames, Barry G.
_965961
245 1 3 _aEl caballo de Troya japonés :
_bel último desafío nipón a la industria occidental /
_cBarrie G. James ; prólogo de Enrique Badía.
250 _a1ª ed.
260 _aBarcelona :
_bPlaza & Janés :
_bCambio 16,
_c1990.
300 _a296 p. ;
_c22 cm.
500 _aÍndice analítico.
504 _aBibliografía: p. 293-296.
650 4 _aEmpresas-
_zJapón
_912225
700 1 _aBadia, Enrique.
_924533
852 _aES-MaACL
_jL-14280
_z. - Enc. cart.
999 _c7059
_d7059